[Event "Steinfurt Bezirksliga 1011"]
[Site "Germany"]
[Date "2011.02.12"]
[Round "5.1"]
[White "Braemik, Simon"]
[Black "Muhren, Willem"]
[Result "0-1"]
[WhiteElo "1576"]
[BlackElo "2103"]
[PlyCount "92"]
[EventDate "2010.10.02"]
[EventType "team-tourn"]
[EventRounds "9"]
[EventCountry "GER"]
[SourceTitle "EXT 2012"]
[Source "ChessBase"]
[SourceDate "2011.11.24"]
[SourceVersion "1"]
[SourceVersionDate "2011.11.24"]
[SourceQuality "1"]
[WhiteTeam "Rheine SG"]
[BlackTeam "Emsdetten Turm III"]
[WhiteTeamCountry "GER"]
[BlackTeamCountry "GER"]

1. d4 g6 2. f4 Nf6 3. Nf3 Bg7 4. e3 c5 5. c3 b6 6. Bd3 Bb7 7. Nbd2 Nc6 8. 0-0 0-0 9. Qe1 d6 10. Ng5 e6 11. Nde4 h6 12. Nxf6+ Qxf6 13. Ne4 Qd8 14. Qg3 Ne7 15. Bd2 Qc7 16. Qf2 Rad8 17. Bc2 Qc8 18. Rac1 Nd5 19. Qe1 Rfe8 20. a3 Qc6 21. Qe2 f5 22. Ng3 Nf6 23. Bd3 Re7 24. Rfe1 e5 25. fxe5 dxe5 26. Bb5 Qc8 27. dxc5 bxc5 28. Rcd1 a6 29. Bc4+ Kh7 30. Qf1 Qc6 31. Be2 Red7 32. Bc1 h5 33. Bf3 e4 34. Be2 Kh8 35. Rxd7 Rxd7 36. Rd1 Bh6 37. Rxd7 Nxd7 38. b4 Ne5 39. c4 Nd3 40. Bxd3 exd3 41. b5 axb5 42. cxb5 Qxb5 43. Nxf5 d2 44. Bxd2 Qxf1+ 45. Kxf1 gxf5 46. Bc3+ Bg7 0-1

[Event "Leros Artemis Cup 1st"]
[Site "Leros"]
[Date "2009.07.17"]
[Round "7"]
[White "Muhren, Willem"]
[Black "Demuth, Markus"]
[Result "0-1"]
[WhiteElo "2188"]
[BlackElo "2253"]
[PlyCount "78"]
[EventDate "2009.07.11"]
[EventType "swiss"]
[EventRounds "9"]
[EventCountry "GRE"]
[SourceTitle "CBM 131 Extra"]
[Source "ChessBase"]
[SourceDate "2009.09.03"]
[SourceVersion "2"]
[SourceVersionDate "2009.09.16"]
[SourceQuality "1"]

1. e4 e6 2. d4 d5 3. Nc3 Nf6 4. e5 Nfd7 5. f4 c5 6. Nf3 Nc6 7. Be3 a6 8. Qd2 cxd4 9. Nxd4 Bb4 10. a3 Bc5 11. g3 0-0 12. Bg2 Qe7 13. 0-0 Nb6 14. Qf2 Nxd4 15. Bxd4 Bxd4 16. Qxd4 Nd7 17. b4 Qd8 18. Kh1 Nb6 19. g4 Bd7 20. f5 Rc8 21. f6 Rc4 22. Qd1 Qc7 23. Re1 Rxc3 24. Qd2 h6 25. Re2 Rc8 26. fxg7 Kxg7 27. Rf1 Bb5 28. Rf6 Bxe2 29. Qxh6+ Kg8 30. Qg5+ Kf8 31. b5 axb5 32. Rh6 Ke8 33. Qg8+ Ke7 34. Qg5+ Kd7 35. Qg7 Kc6 36. Rf6 Qxe5 37. Qxf7 Bxg4 38. Qg7 Nd7 39. Rxe6+ Bxe6 0-1

[Event "Leros Artemis Cup 1st"]
[Site "Leros"]
[Date "2009.07.13"]
[Round "3"]
[White "Muhren, Willem"]
[Black "De Jong, Jan Willem"]
[Result "0-1"]
[WhiteElo "2188"]
[BlackElo "2464"]
[PlyCount "117"]
[EventDate "2009.07.11"]
[EventType "swiss"]
[EventRounds "9"]
[EventCountry "GRE"]
[SourceTitle "CBM 131 Extra"]
[Source "ChessBase"]
[SourceDate "2009.09.03"]
[SourceVersion "2"]
[SourceVersionDate "2009.09.16"]
[SourceQuality "1"]

1. e4 e5 2. Nf3 Nc6 3. Nc3 Nf6 4. g3 Bc5 5. Bg2 d6 6. d3 a6 7. 0-0 Be6 8. Be3 Bxe3 9. fxe3 Ne7 10. Nh4 c6 11. Qd2 Qc7 12. d4 h6 13. Rad1 Rd8 14. Rf2 d5 15. exd5 cxd5 16. dxe5 Ng4 17. Rff1 Nxe5 18. e4 dxe4 19. Qxd8+ Qxd8 20. Rxd8+ Kxd8 21. Bxe4 Kc7 22. Nf5 Bxf5 23. Bxf5 Nxf5 24. Rxf5 f6 25. Nd5+ Kd6 26. Ne3 Ke6 27. Rf1 Rd8 28. Kg2 Rd2+ 29. Rf2 Rd4 30. h3 g6 31. Rf1 Rd2+ 32. Rf2 Rd4 33. Rf1 h5 34. Rd1 Re4 35. Kf2 h4 36. gxh4 Rxh4 37. Ng2 Ra4 38. a3 g5 39. Rd8 Rc4 40. c3 Rc7 41. Ne3 Ng6 42. Re8+ Kf7 43. Rd8 Nf4 44. Kg3 Re7 45. Nd5 Nxd5 46. Rxd5 Kg6 47. Rd6 Kf5 48. Rb6 Ke5 49. a4 Rd7 50. a5 f5 51. Rb4 Rd3+ 52. Kg2 Rd1 53. Kf3 Rd3+ 54. Kg2 f4 55. Rxb7 Rg3+ 56. Kh2 Ke4 57. Rd7 Rd3 58. Rxd3 Kxd3 59. b4 0-1

[Event "EU-Cup 24th"]
[Site "Kallithea"]
[Date "2008.10.17"]
[Round "1"]
[White "Muhren, Willem"]
[Black "Anastasian, Ashot"]
[Result "0-1"]
[WhiteElo "2222"]
[BlackElo "2565"]
[PlyCount "78"]
[EventDate "2008.10.17"]
[EventType "team-swiss"]
[EventRounds "7"]
[EventCountry "GRE"]
[SourceTitle "CBM 127"]
[Source "ChessBase"]
[SourceDate "2008.11.13"]
[SourceVersion "1"]
[SourceVersionDate "2008.11.13"]
[SourceQuality "1"]
[WhiteTeam "Calder HMC"]
[BlackTeam "Bank King"]
[WhiteTeamCountry "NED"]
[BlackTeamCountry "ARM"]

1. e4 c5 2. d3 d5 3. Nd2 Nc6 4. g3 e5 5. Bg2 d4 6. Nh3 Bd6 7. 0-0 h5 8. f4 Bg4 9. Nf3 h4 10. Nf2 Bxf3 11. Qxf3 Nf6 12. a3 a5 13. a4 Kd7 14. g4 Kc7 15. g5 Nh5 16. f5 Nf4 17. Nh3 Qe7 18. c3 f6 19. g6 Nxh3+ 20. Qxh3 c4 21. Rd1 Rad8 22. Bf1 Bc5 23. Kh1 dxc3 24. bxc3 Rd7 25. Be3 Rhd8 26. Rab1 cxd3 27. Rd2 Kc8 28. Rb3 Qf8 29. Kg2 Qg8 30. Rb5 Bxe3 31. Qxe3 Qc4 32. Rc5 Qxa4 33. Kf3 Kc7 34. Rxd3 Rxd3 35. Bxd3 Qd1+ 36. Be2 Qh1+ 37. Kg4 Qg2+ 38. Kxh4 Rh8+ 39. Bh5 Qxh2+ 0-1

[Event "Porto Mannu op"]
[Site "Porto Mannu"]
[Date "2008.05.17"]
[Round "1"]
[White "Muhren, Willem"]
[Black "Garcia Palermo, Carlos H"]
[Result "0-1"]
[WhiteElo "2240"]
[BlackElo "2465"]
[PlyCount "78"]
[EventDate "2008.05.17"]
[EventType "swiss"]
[EventRounds "9"]
[EventCountry "ITA"]
[SourceTitle "CBM 124 Extra"]
[Source "ChessBase"]
[SourceDate "2008.07.03"]
[SourceVersion "1"]
[SourceVersionDate "2008.07.03"]
[SourceQuality "1"]

1. e4 c6 2. Ne2 d5 3. e5 c5 4. d4 Nc6 5. c3 cxd4 6. cxd4 Bf5 7. Nbc3 e6 8. a3 Nge7 9. Be3 Nc8 10. Ng3 Bg6 11. Be2 Nb6 12. b3 Be7 13. 0-0 Rc8 14. Qd2 0-0 15. f4 Qd7 16. Bg4 f5 17. exf6 Rxf6 18. Rfe1 Na5 19. Qb2 Bd6 20. Bd2 Nc6 21. Be3 Qf7 22. Rf1 h5 23. Bh3 h4 24. Nge2 Bf5 25. Bxf5 exf5 26. Nc1 Re6 27. Qf2 Qe7 28. Nd1 Re8 29. Re1 Nxd4 30. Rb1 Nc6 31. Nd3 d4 32. Bd2 Rxe1+ 33. Bxe1 Qe4 34. N1b2 Bxa3 35. Rd1 Bxb2 36. Qxb2 h3 37. gxh3 Nd5 38. Bg3 Nc3 39. Re1 Ne2+ 0-1

[Event "NED-chT 0607"]
[Site "Netherlands"]
[Date "2007.04.21"]
[Round "8.6"]
[White "Muhren, Willem"]
[Black "Ernst, Sipke"]
[Result "0-1"]
[WhiteElo "2260"]
[BlackElo "2504"]
[PlyCount "58"]
[EventDate "2006.09.23"]
[EventType "team-tourn"]
[EventRounds "9"]
[EventCountry "NED"]
[SourceTitle "EXT 2008"]
[Source "ChessBase"]
[SourceDate "2007.11.25"]
[SourceVersion "1"]
[SourceVersionDate "2007.11.25"]
[SourceQuality "1"]
[WhiteTeam "Calder HMC"]
[BlackTeam "Homburg Apeldoorn"]
[WhiteTeamCountry "NED"]
[BlackTeamCountry "NED"]

1. e4 c6 2. Ne2 d5 3. e5 g6 4. d4 c5 5. dxc5 Nc6 6. f4 Qa5+ 7. c3 Qxc5 8. b4 Qb6 9. Qxd5 Nh6 10. Nd4 Nxd4 11. Qxd4 Qxd4 12. cxd4 e6 13. Bb5+ Bd7 14. Bxd7+ Kxd7 15. b5 Nf5 16. 0-0 Rc8 17. g4 Nxd4 18. Nd2 Nxb5 19. Rb1 a6 20. a4 Nc3 21. Rxb7+ Rc7 22. Rxc7+ Kxc7 23. a5 h5 24. gxh5 Rxh5 25. Nf3 Bh6 26. Nd4 Rh3 27. Bd2 Nd5 28. Rc1+ Kd7 29. Rb1 Rd3 0-1

[Event "NED-chT 0607"]
[Site "Netherlands"]
[Date "2007.02.03"]
[Round "5.8"]
[White "De Vreugt, Dennis"]
[Black "Muhren, Willem"]
[Result "0-1"]
[WhiteElo "2429"]
[BlackElo "2260"]
[PlyCount "76"]
[EventDate "2006.09.23"]
[EventType "team-tourn"]
[EventRounds "9"]
[EventCountry "NED"]
[SourceTitle "EXT 2008"]
[Source "ChessBase"]
[SourceDate "2007.11.25"]
[SourceVersion "1"]
[SourceVersionDate "2007.11.25"]
[SourceQuality "1"]
[WhiteTeam "Hilversum HSG"]
[BlackTeam "Calder HMC"]
[WhiteTeamCountry "NED"]
[BlackTeamCountry "NED"]

1. e4 d6 2. d4 Nf6 3. Nc3 g6 4. Be3 c6 5. Qd2 b5 6. Bd3 Nbd7 7. Nf3 Qc7 8. Bh6 Bxh6 9. Qxh6 Bb7 10. 0-0 0-0-0 11. b4 a6 12. a4 e5 13. dxe5 Nxe5 14. Nxe5 dxe5 15. Ne2 Qe7 16. Rfb1 Kb8 17. h3 Rd6 18. Qe3 Rhd8 19. Nc1 Rd4 20. Nb3 Rxb4 21. c3 Rxd3 22. Qxd3 Rxe4 23. Na5 Qd7 24. Qf3 Qf5 25. Qxf5 gxf5 26. c4 Kc7 27. axb5 cxb5 28. cxb5 axb5 29. Nxb7 Kxb7 30. Rxb5+ Kc6 31. Rb8 Kd6 32. Ra7 Re1+ 33. Kh2 Ne4 34. f3 Nf2 35. Ra2 Rf1 36. g3 Kc7 37. Rb3 Nd1 38. Re2 e4 0-1

[Event "EU-Cup 22nd"]
[Site "Fuegen"]
[Date "2006.10.10"]
[Round "3.6"]
[White "Muhren, Willem"]
[Black "Johannesson, Ingvar Thor"]
[Result "1/2-1/2"]
[WhiteElo "2260"]
[BlackElo "2271"]
[PlyCount "103"]
[EventDate "2006.10.08"]
[EventType "team-swiss"]
[EventRounds "7"]
[EventCountry "AUT"]
[SourceTitle "CBM 115"]
[Source "ChessBase"]
[SourceDate "2006.11.15"]
[SourceVersion "1"]
[SourceVersionDate "2006.11.15"]
[SourceQuality "1"]
[WhiteTeam "Calder HMC"]
[BlackTeam "Reykjavik Hellir"]
[WhiteTeamCountry "NED"]
[BlackTeamCountry "ISL"]

1. e4 d5 2. exd5 Nf6 3. Bb5+ Bd7 4. Be2 Nxd5 5. d4 Nf6 6. c4 e6 7. Nf3 Bc6 8. Qb3 Nbd7 9. 0-0 Be7 10. Nc3 0-0 11. Qc2 Bxf3 12. Bxf3 c6 13. Bf4 Nb6 14. Ne2 Qd7 15. Rab1 a5 16. a3 Nc8 17. b4 axb4 18. axb4 Nd6 19. Rfd1 Nf5 20. g3 Rfc8 21. Qb3 h6 22. Bc1 Rd8 23. b5 cxb5 24. Qxb5 Qxb5 25. Rxb5 Rac8 26. Rxb7 Rxc4 27. Bf4 Bd6 28. Be3 Ne7 29. Ra1 Ned5 30. Raa7 Rc7 31. Rxc7 Bxc7 32. Rb7 Ra8 33. Rxc7 Nxc7 34. Bxa8 Nxa8 35. Bd2 Nc7 36. Bb4 Ncd5 37. Ba3 Ne4 38. Kg2 f6 39. Bc1 Kf7 40. f3 Nd6 41. Kf2 Nb5 42. Bd2 Ke7 43. Ke1 Kd6 44. Kd1 Kc6 45. Kc2 Nd6 46. Kd3 Kb5 47. Nc1 Kc6 48. Ne2 Nb5 49. Kc4 Nb6+ 50. Kd3 Nd5 51. Kc4 Nd6+ 52. Kd3 1/2-1/2

[Event "NED-chT 0506"]
[Site "Netherlands"]
[Date "2006.04.23"]
[Round "9.6"]
[White "Janssen, Ruud"]
[Black "Muhren, Willem"]
[Result "1/2-1/2"]
[WhiteElo "2499"]
[BlackElo "2283"]
[PlyCount "53"]
[EventDate "2005.09.24"]
[EventType "team"]
[EventRounds "9"]
[EventCountry "NED"]
[SourceTitle "EXT 2007"]
[Source "ChessBase"]
[SourceDate "2006.11.23"]
[SourceVersion "1"]
[SourceVersionDate "2006.11.23"]
[SourceQuality "1"]
[WhiteTeam "Hilversum HSG"]
[BlackTeam "Calder HMC"]
[WhiteTeamCountry "NED"]
[BlackTeamCountry "NED"]

1. d4 Nf6 2. c4 g6 3. Nc3 Bg7 4. e4 d6 5. h3 0-0 6. Bg5 Na6 7. Bd3 e5 8. d5 Qe8 9. Nge2 Nd7 10. a3 f5 11. b4 f4 12. f3 Bf6 13. Bxf6 Rxf6 14. Nc1 g5 15. Nb3 Qe7 16. Qe2 Rg6 17. Qf2 b6 18. Qe2 Nab8 19. a4 a5 20. bxa5 bxa5 21. Rb1 Nb6 22. Kd2 h5 23. Qf2 N8d7 24. Nb5 Nc5 25. Nxc5 dxc5 26. Ra1 Kf7 27. Kc2 1/2-1/2

[Event "NED-chT 0506"]
[Site "Netherlands"]
[Date "2006.03.04"]
[Round "7.7"]
[White "Muhren, Willem"]
[Black "Lemmers, Oscar"]
[Result "1/2-1/2"]
[WhiteElo "2283"]
[BlackElo "2425"]
[PlyCount "49"]
[EventDate "2005.09.24"]
[EventType "team"]
[EventRounds "9"]
[EventCountry "NED"]
[SourceTitle "EXT 2007"]
[Source "ChessBase"]
[SourceDate "2006.11.23"]
[SourceVersion "1"]
[SourceVersionDate "2006.11.23"]
[SourceQuality "1"]
[WhiteTeam "Calder HMC"]
[BlackTeam "Enschede ESGOO"]
[WhiteTeamCountry "NED"]
[BlackTeamCountry "NED"]

1. e4 c5 2. d3 g6 3. g3 Nc6 4. Bg2 Bg7 5. f4 d6 6. Nf3 e5 7. 0-0 Nge7 8. f5 gxf5 9. Nh4 fxe4 10. dxe4 0-0 11. Nc3 f5 12. Bg5 f4 13. Nd5 Qd7 14. Qh5 Nxd5 15. exd5 Nd4 16. Be4 h6 17. Bxh6 Qg4 18. Qxg4 Bxg4 19. Bg5 Bh3 20. Rf2 fxg3 21. hxg3 Rxf2 22. Kxf2 Rf8+ 23. Ke3 Bf6 24. Bh6 Bg7 25. Bg5 1/2-1/2

[Event "EU-Cup 21st"]
[Site "Saint Vincent"]
[Date "2005.09.23"]
[Round "6.5"]
[White "Saric, Ibro"]
[Black "Muhren, Willem"]
[Result "1-0"]
[WhiteElo "2451"]
[BlackElo "2295"]
[PlyCount "39"]
[EventDate "2005.09.18"]
[EventType "team-swiss"]
[EventRounds "7"]
[EventCountry "ITA"]
[SourceTitle "CBM 110"]
[Source "ChessBase"]
[SourceDate "2006.01.31"]
[SourceVersion "1"]
[SourceVersionDate "2006.01.31"]
[SourceQuality "1"]
[WhiteTeam "Sarajevo Zeljeznicar"]
[BlackTeam "Calder HMC"]
[WhiteTeamCountry "BIH"]
[BlackTeamCountry "NED"]

1. e4 c5 2. Nc3 Nc6 3. Bb5 Nd4 4. Bc4 e6 5. Nf3 Ne7 6. Nxd4 cxd4 7. Ne2 Nc6 8. 0-0 Be7 9. d3 0-0 10. Bb3 b6 11. f4 f5 12. exf5 Rxf5 13. Ng3 Rf8 14. f5 Kh8 15. Qg4 e5 16. Nh5 Bf6 17. Nxf6 Qxf6 18. Bg5 Qd6 19. f6 gxf6 20. Bxf6+ 1-0

[Event "BEL-chT 0405"]
[Site "Belgium"]
[Date "2005.03.06"]
[Round "10"]
[White "Roeder, Matthias"]
[Black "Muhren, Willem"]
[Result "1/2-1/2"]
[WhiteElo "2404"]
[BlackElo "2246"]
[PlyCount "94"]
[EventDate "2004.09.09"]
[EventType "team-tourn"]
[EventRounds "11"]
[EventCountry "BEL"]
[SourceTitle "EXT 2006"]
[Source "ChessBase"]
[SourceDate "2005.11.24"]
[SourceVersion "1"]
[SourceVersionDate "2005.11.24"]
[SourceQuality "1"]
[WhiteTeam "KSK47 Eynatten"]
[BlackTeam "Leuven Lustige Vrijpion"]
[WhiteTeamCountry "BEL"]
[BlackTeamCountry "BEL"]

1. Nf3 Nf6 2. c4 g6 3. Nc3 Bg7 4. e4 d6 5. d4 0-0 6. h3 e5 7. d5 Na6 8. Bg5 h6 9. Be3 Nc5 10. Nd2 a5 11. a3 c6 12. b4 axb4 13. axb4 Rxa1 14. Qxa1 Na6 15. Qa3 c5 16. bxc5 dxc5 17. Be2 Nd7 18. g4 Qe7 19. h4 Nb4 20. Kd1 b6 21. Na2 Nxa2 22. Qxa2 Nb8 23. Qb2 Qa7 24. h5 f5 25. f3 fxg4 26. fxg4 g5 27. Kc2 Na6 28. Ra1 Nb4+ 29. Kd1 Qb8 30. Nb1 Ba6 31. Nc3 Bc8 32. Na2 Nxa2 33. Qxa2 Bd7 34. Qa7 Qc8 35. Kd2 Bxg4 36. Bd3 Bxh5 37. Rb1 Qh3 38. Qxb6 Qg2+ 39. Kc3 Bf3 40. Qe6+ Kh7 41. Rb7 Qg3 42. Bxc5 Bxe4 43. Rxg7+ Kxg7 44. Bxf8+ Kxf8 45. Qxh6+ Kg8 46. Qe6+ Kg7 47. Qe7+ Kg6 1/2-1/2

[Event "BEL-chT 0405"]
[Site "Belgium"]
[Date "2005.02.27"]
[Round "9"]
[White "Deleyn, Gunter"]
[Black "Muhren, Willem"]
[Result "1/2-1/2"]
[WhiteElo "2285"]
[BlackElo "2246"]
[PlyCount "57"]
[EventDate "2004.09.09"]
[EventType "team-tourn"]
[EventRounds "11"]
[EventCountry "BEL"]
[SourceTitle "EXT 2006"]
[Source "ChessBase"]
[SourceDate "2005.11.24"]
[SourceVersion "1"]
[SourceVersionDate "2005.11.24"]
[SourceQuality "1"]
[WhiteTeam "KGSRL"]
[BlackTeam "Leuven Lustige Vrijpion"]
[WhiteTeamCountry "BEL"]
[BlackTeamCountry "BEL"]

1. c4 Nf6 2. g3 g6 3. Nc3 d5 4. cxd5 Nxd5 5. Bg2 Nb6 6. Nf3 Bg7 7. 0-0 Nc6 8. b3 0-0 9. Bb2 Bf5 10. h3 h5 11. d3 e5 12. Ne4 Bxe4 13. dxe4 Qxd1 14. Rfxd1 Rfd8 15. e3 f6 16. h4 Bf8 17. Ne1 Kf7 18. Bf1 Rxd1 19. Rxd1 Rd8 20. Rxd8 Nxd8 21. Nd3 Nc6 22. Bh3 Nb4 23. Nxb4 Bxb4 24. Kf1 a5 25. f4 Bd6 26. Ke2 a4 27. Kd3 axb3 28. axb3 Ke7 29. Bc3 1/2-1/2

[Event "Dieren op"]
[Site "Dieren"]
[Date "2004.07.30"]
[Round "4"]
[White "Savchenko, Stanislav"]
[Black "Muhren, Willem"]
[Result "1/2-1/2"]
[WhiteElo "2521"]
[BlackElo "2231"]
[PlyCount "43"]
[EventDate "2004.07.27"]
[EventType "swiss"]
[EventRounds "9"]
[EventCountry "NED"]
[SourceTitle "CBM 101 Extra"]
[Source "ChessBase"]
[SourceDate "2004.09.01"]
[SourceVersion "2"]
[SourceVersionDate "2004.09.01"]
[SourceQuality "1"]

1. d4 Nf6 2. c4 g6 3. Nc3 Bg7 4. e4 d6 5. Nf3 0-0 6. Be2 Na6 7. 0-0 e5 8. Re1 c6 9. Bf1 exd4 10. Nxd4 Ng4 11. h3 Qb6 12. hxg4 Qxd4 13. g5 Qxd1 14. Rxd1 Nc5 15. Rxd6 Bxc3 16. bxc3 Nxe4 17. Rd3 b6 18. Bf4 Ba6 19. Re1 Nc5 20. Rd6 Ne6 21. Be3 c5 22. a4 1/2-1/2

[Event "Dieren op"]
[Site "Dieren"]
[Date "2004.07.27"]
[Round "1"]
[White "Muhren, Willem"]
[Black "Veltman, Jelmer"]
[Result "1-0"]
[WhiteElo "2231"]
[BlackElo "2053"]
[PlyCount "111"]
[EventDate "2004.07.27"]
[EventType "swiss"]
[EventRounds "9"]
[EventCountry "NED"]
[SourceTitle "CBM 101 Extra"]
[Source "ChessBase"]
[SourceDate "2004.09.01"]
[SourceVersion "2"]
[SourceVersionDate "2004.09.01"]
[SourceQuality "1"]

1. e4 c5 2. Nf3 Nc6 3. d4 cxd4 4. Nxd4 Qc7 5. Nc3 e6 6. Be3 a6 7. Qd2 Nf6 8. f3 Ne5 9. 0-0-0 b5 10. Kb1 Nc4 11. Bxc4 Qxc4 12. Nb3 Bb4 13. Bd4 h6 14. g4 Rg8 15. h4 a5 16. g5 Nh7 17. gxh6 g6 18. Nc1 Ra6 19. Qe3 Be7 20. e5 Bb7 21. Nd3 b4 22. Ne4 Bxe4 23. Qxe4 Qc6 24. Nf2 f5 25. exf6 Bxf6 26. Bxf6 Nxf6 27. Qf4 Ke7 28. Qg5 Qxf3 29. Nd3 Qf5 30. Ne5 Ke8 31. Rdf1 Qxg5 32. hxg5 Ne4 33. h7 Rh8 34. Rfg1 Ra8 35. Nxg6 Kf7 36. Nxh8+ Rxh8 37. g6+ Kg7 38. Rh4 Nd2+ 39. Kc1 Nf3 40. Rhg4 Nxg1 41. Rxg1 d5 42. Kd2 Rf8 43. Ke3 Rc8 44. Rg2 e5 45. Rg5 Re8 46. Rh5 Kh8 47. Kf3 Kg7 48. Kg4 e4 49. Rxd5 Kxg6 50. Re5 Rh8 51. Rxa5 e3 52. Kf3 Rxh7 53. Kxe3 Kf6 54. Kd4 Rc7 55. Kd3 Ke6 56. Ra4 1-0

[Event "FRA-chT4 0304"]
[Site "Champagne Ardenne"]
[Date "2003.11.16"]
[Round "2"]
[White "Picard, Serge"]
[Black "Muhren, Willem"]
[Result "0-1"]
[WhiteElo "2273"]
[BlackElo "2193"]
[PlyCount "96"]
[EventDate "2003.10.??"]
[EventRounds "6"]
[EventCountry "FRA"]
[SourceTitle "EXT 2005"]
[Source "ChessBase"]
[SourceDate "2004.11.15"]
[SourceVersion "1"]
[SourceVersionDate "2004.11.15"]
[SourceQuality "1"]

1. e4 d6 2. d4 Nf6 3. Nc3 g6 4. f4 Bg7 5. Nf3 0-0 6. Bd3 Na6 7. 0-0 c5 8. Bxa6 cxd4 9. Qxd4 bxa6 10. Kh1 Bb7 11. Qd3 Nd7 12. Be3 Qa5 13. Bd4 Rac8 14. Bxg7 Kxg7 15. f5 Qb4 16. Rab1 Nc5 17. Qe3 Bxe4 18. a3 Qb7 19. b4 Bxf3 20. Rxf3 Nd7 21. Qxe7 Rfe8 22. Qxd6 Ne5 23. Rg3 Rcd8 24. Qc5 Rd2 25. Rf1 Rxc2 26. f6+ Kg8 27. Rd1 Nd3 28. Rdxd3 Rc1+ 29. Qg1 Rxg1+ 30. Kxg1 Qb6+ 31. Kf1 Qxf6+ 32. Rgf3 Qe5 33. g3 f5 34. Kg2 Qe1 35. h3 Qc1 36. Nd5 Re1 37. Rf2 Rg1+ 38. Kf3 Qg5 39. Rg2 Rxg2 40. Kxg2 Qc1 41. Ne3 Kf7 42. h4 Ke6 43. Kf3 h6 44. Nd1 g5 45. hxg5 hxg5 46. Ne3 Qe1 47. g4 f4 48. Nf5 Ke5 0-1

[Event "Curacao op"]
[Site "Willemstad"]
[Date "2003.10.29"]
[Round "5"]
[White "Muhren, Willem"]
[Black "Bet, Sjaak JM"]
[Result "1-0"]
[WhiteElo "2193"]
[BlackElo "2118"]
[PlyCount "101"]
[EventDate "2003.10.25"]
[EventType "swiss"]
[EventRounds "9"]
[EventCountry "AHO"]
[SourceTitle "EXT 2004"]
[Source "ChessBase"]
[SourceDate "2003.11.25"]
[SourceVersion "1"]
[SourceVersionDate "2003.11.25"]
[SourceQuality "1"]

1. e4 e6 2. d4 d5 3. Nc3 Nf6 4. e5 Nfd7 5. f4 c5 6. Nf3 Nc6 7. Be3 cxd4 8. Nxd4 a6 9. Qd2 Bb4 10. a3 Bc5 11. g3 Bxd4 12. Bxd4 Nxd4 13. Qxd4 Qb6 14. Qxb6 Nxb6 15. a4 Bd7 16. b3 Ke7 17. Ne2 Nc8 18. Nd4 Na7 19. Kd2 Rhc8 20. Bd3 g6 21. g4 Nc6 22. Ke3 h6 23. h4 Rg8 24. Nxc6+ Bxc6 25. Kd4 Rac8 26. Rag1 Bd7 27. Rh2 Rg7 28. Rf2 Rgg8 29. Rh1 Rg7 30. Rd2 Rgg8 31. Be2 Rg7 32. Bd1 Rgg8 33. Rf2 Rg7 34. h5 g5 35. fxg5 Rxg5 36. Rhf1 Rg7 37. Rf6 Rh8 38. Kc5 Be8 39. Kb6 Rg5 40. Kxb7 Rxe5 41. Kxa6 d4 42. Kb6 Kd6 43. R6f4 Bd7 44. Rxd4+ Ke7 45. Rxf7+ Kxf7 46. Rxd7+ Kf6 47. Bf3 Rc8 48. Bc6 Re2 49. a5 Rxc2 50. Bb7 R8c3 51. b4 1-0